• 首页
  • 本馆介绍
  • 公告通知
  • 最新文献
  • 馆藏检索
  • 电子资源
  • 读者导购
  • 参考咨询
  • 我的图书馆
  • 登录
  • 详细信息显示
  • 放入我的书架
  • 预约/预借图书
  • 作者相关作品
  • 分类相关作品
  • 丛书相关作品
  • 出版社相关作品

书目信息

  • 表格格式
  • 工作单格式
  • 卡片格式
题名:
微分几何
    
 
作者: 梅向明 , 黄敬之 编
分册:  
出版信息: 北京   高等教育出版社  1988.2
页数: 357页
开本: 20厘米
丛书名:
单 册:
中图分类: O186.1
科图分类:
主题词: 微分几何--高等学校--教材
电子资源:
ISBN: 7-04-000245-0
000 00746nam0 2200253 45
001 0189014443
005 20070704155457.20
010    @a7-04-000245-0@dCNY10.50
100    @a19910304d1988 m y0chiy0120 ea
101 0  @achi
102    @aCN@b110000
105    @ay j 000yy
200 10 @a微分几何@Awei fen ji he@f梅向明,黄敬之编@Fmei xiang ming , huang jing zhi bian
205    @a2版(修订本)
210    @a北京@c高等教育出版社@d1988.2
215    @a357页@d20厘米
300    @a高等学校教材
540 1  @a微分几何@Awei fen ji he
606    @a微分几何@x高等学校@x教材
690    @aO186.1@v1980
701  0 @a梅向明@Amei xiang ming@4编
701  0 @a黄敬之@Ahuang jing zhi@4编
801  0 @aCN@bNLC@c20070704
905    @dO186.1@e12=2@f1@b281210
    
    微分几何/梅向明,黄敬之编.-2版(修订本).-北京:高等教育出版社,1988.2
    357页;20厘米
    高等学校教材
    
    ISBN 7-04-000245-0:CNY10.50
    
●
相关链接 在E读中查询图书 在五车中查询图书 在当当中查询图书 在豆瓣中查询图书


正题名:微分几何     索取号:O186.1/12=2         预约/预借

序号 登录号 条形码 馆藏地/架位号 状态 备注
1 0281206   002812068   密集书库/ [索取号:O186.1/12=2] 在馆    
2 0281207   002812077   密集书库/ [索取号:O186.1/12=2] 在馆    
3 0281208   002812086   密集书库/ [索取号:O186.1/12=2] 在馆    
4 0281209   002812095   第三借阅区/ [索取号:O186.1/12=2] 在馆    
5 0281210   002812102   密集书库/ [索取号:O186.1/12=2] 在馆    
6 0281211   002812111   密集书库/ [索取号:O186.1/12=2] 在馆    
7 0281212   002812120   密集书库/ [索取号:O186.1/12=2] 在馆    
8 0281213   002812139   密集书库/ [索取号:O186.1/12=2] 在馆    
9 0281214   002812148   密集书库/ [索取号:O186.1/12=2] 在馆    
10 0281215   002812157   第二样本阅览室/ [索取号:O186.1/12=2] 在馆    
11 0765247   207652477   密集书库/ [索取号:O186.1/12=2] 在馆    
12 0766881   207668816   密集书库/ [索取号:O186.1/12=2] 在馆    
13 0767955   207679555   密集书库/ [索取号:O186.1/12=2] 在馆    
14 0767956   207679564   密集书库/ [索取号:O186.1/12=2] 在馆    
唐山师范学院图书馆 欢迎您!
大连网信软件有限公司© 版权所有